| 000 | 00639nam a2200193Ii 4500 | ||
|---|---|---|---|
| 003 | JO-AjNU | ||
| 008 | 230605s9999||||xx |||||||||||||| ||und|| | ||
| 040 |
_aJO-AjNU _bara _erda _cJO-AjNU |
||
| 041 | _aara | ||
| 050 | 1 | 4 | _aQ181 .Q5 1987 |
| 100 | 3 |
_aقلادة، فؤاد سليمان, _eauthor _939349 |
|
| 245 | 0 | 0 | _aاساسيات في تدريس العلوم |
| 264 | 3 | 1 | _aالاسكندرية :دار المطبوعات الجديدة ، 1981 |
| 300 | _a414ص | ||
| 336 |
_atext _btxt _2rdacontent |
||
| 337 |
_aunmediated _bn _2rdamedia |
||
| 338 |
_avolume _bnc _2rdacarrier |
||
| 650 | 4 |
_aعلوم - تعلم وتعليم _939350 |
|
| 999 |
_aA16611 _c20179 _d20179 |
||